00754nam a2200205Ia 4500003000900000008004100009040001600050080003000066110003300096245011900129260005000248300000900298500001900307650003300326650001800359650002100377942000700398999001500405952012800420IN-BaIIA211028s9999 xx 000 0 eng d cIIA Library a083.7:621.311.21-217bISI aIndian Standards Institution 0aIndian standard criteria for design of generator foundation for hydel power stationscIndian Standards Institution aNew DelhibIndian Standards Institutionc1974 a10p. aIS 7207 : 1974 a Hydel Power Stations98807 a Standards  aNASA Thesaurus  cBK c4912d4912 00104070aBANbBANcGENd1976-09-09g5.00l0o083.7:621.311.21-217/ ISIp5497r2021-11-05v5.00w1976-09-09yBKGRs. 5.00